00321pab a2200133 454500008004000000100002100040245003400061260000900095300001300104362000800117650001800125650002200143773002200165180718b2012 xxu||||| |||| 00| 0 eng d aKashyap, Pradeep aThe rural India growth story. c2012 ap.19-24. aFeb aRural economy aRural development aIndian Management